Financial Capitals of the World - Statistics

General Stats
  • This quiz has been taken 306 times
    218 since last reset
  • The average score is 11 of 13
Answer Stats
Hint Answer % Correct
Australia Sydney
95%
Italy Milan
94%
Canada Toronto
94%
United Arab Emirates Dubai
92%
United States of America New York City
91%
India Mumbai
90%
Switzerland Zurich
90%
Germany Frankfurt
88%
Russia Saint Petersburg
86%
China Hong Kong
83%
South Africa Johannesburg
80%
Brazil Sao Paulo
76%
Turkey Istanbul
74%
No matching quizzes found
Score Distribution
Percent of People with Each Score
Percentile by Number Answered
Your Score History
You have not taken this quiz since the last reset